书目信息 |
| 题名: |
中国人民解放军人物录
|
|
| 作者: | 邵维正 编写 | |
| 分册: | ||
| 出版信息: | 上海 上海人民出版社 1988.9 |
|
| 页数: | 380页 | |
| 开本: | 20厘米 | |
| 丛书名: | ||
| 单 册: | ||
| 中图分类: | E297 , E297.4 | |
| 科图分类: | ||
| 主题词: | 军事史--中国 , 战争史--中国 | |
| 电子资源: | ||
| ISBN: | 7-208-00121-9 | |
| 000 | 00797nam0 2200265 45 | |
| 001 | 0189013035 | |
| 005 | 20040422111031.8 | |
| 010 | @a7-208-00121-9@dCNY4.00 | |
| 020 | @aCN@b89013035 | |
| 100 | @a19910304d1988 m y0chiy0120 ea | |
| 101 | 0 | @achi |
| 102 | @aCN@b310000 | |
| 105 | @ay z 000yc | |
| 106 | @ar | |
| 200 | 10 | @a中国人民解放军人物录@Azhong guo ren min jie fang jun ren wu lu@f邵维正等编写@Fshao wei zheng deng bian xie |
| 210 | @a上海@c上海人民出版社@d1988.9 | |
| 215 | @a380页@d20厘米 | |
| 540 | 1 | @a中国 人民解放军 人物@Azhong guo ren min jie fang jun ren wu |
| 606 | 0 | @a军事史@x中国 |
| 606 | 0 | @a战争史@x中国 |
| 690 | @aE297@v1980 | |
| 690 | @aE297.4 | |
| 701 | 0 | @a邵维正@Ashao wei zheng@4编写 |
| 801 | 0 | @aCN@bNLC@c19910304 |
| 905 | @f1@b215952@dE297.4@e28 | |
| 中国人民解放军人物录/邵维正等编写.-上海:上海人民出版社,1988.9 |
| 380页;20厘米 |
| ISBN 7-208-00121-9:CNY4.00 |
| ● |
| 相关链接 |
|
|
|
|
正题名:中国人民解放军人物录
索取号:E297.4/28
 
预约/预借
| 序号 | 登录号 | 条形码 | 馆藏地/架位号 | 状态 | 备注 |
| 1 | 0215952 | 001261039 | 第一借阅区/ [索取号:E297.4/28] | 在馆 | |
| 2 | 0215953 | 001261066 | 第一样本阅览室/ [索取号:E297.4/28] | 在馆 |